Library of the University of Algiers 3
Ibrahim Sultan Cheibout
شعار جامعة الجزائر 3
مكتبة جامعة الجزائر 3
إبراهيم سلطان شيبوط

الانسان العالمي : (رقم التسجيلة. 42847)

تفاصيل مارك
000 -LEADER
fixed length control field 01220nam a2200217Ia 4500
003 - CONTROL NUMBER IDENTIFIER
control field Ost
005 - DATE AND TIME OF LATEST TRANSACTION
control field 20260507075109.0
008 - FIXED-LENGTH DATA ELEMENTS--GENERAL INFORMATION
fixed length control field 260507s9999||||xx |||||||||||||| ||und||
040 ## - CATALOGING SOURCE
Transcribing agency fsecg
041 ## - LANGUAGE CODE
Language code of text/sound track or separate title ara
082 ## - DEWEY DECIMAL CLASSIFICATION NUMBER
Classification number 330
100 ## - MAIN ENTRY--PERSONAL NAME
Personal name ابو نصر، فضيل
Relator term مؤلف
245 #0 - TITLE STATEMENT
Title الانسان العالمي :
Remainder of title العولمة العالمية /
Statement of responsibility, etc. فضيل ابو نصر
260 ## - PUBLICATION, DISTRIBUTION, ETC.
Place of publication, distribution, etc. بيروت:
Name of publisher, distributor, etc. بيسان للنشر والتوزيع والعلام,
Date of publication, distribution, etc. 2001
300 ## - PHYSICAL DESCRIPTION
Extent 160 صفحة؛
Dimensions 20 سم
520 ## - SUMMARY, ETC.
Summary, etc. يشكل كتاب الإنسان العالمي الحلقة الرابعة والأخيرة من رباعية شملت لحد الأن جولة من القضايا الدولية المعاصرة ، ولبنان اليوم وغد بين الغربنة والأسلمة ان الإنسان العالمي يرصد معركة التاريخ واتجاهاتها بالنظام العالمي ويدل إلى المرحلة التي وصل اليها هذا النظام اليوم ويشير الى ما وصل اليه وما سيؤول اليه في المستقبل
653 ## - INDEX TERM--UNCONTROLLED
Uncontrolled term العولمة
653 ## - INDEX TERM--UNCONTROLLED
Uncontrolled term الكوكبة
653 ## - INDEX TERM--UNCONTROLLED
Uncontrolled term انسان عالمي
942 ## - ADDED ENTRY ELEMENTS (KOHA)
Koha item type كتب
المقتنيات
Withdrawn status Lost status Source of classification or shelving scheme Damaged status Not for loan Home library Current library Date acquired Serial enumeration / chronology Inventory number Total checkouts Full call number Barcode Date last seen Price effective from Koha item type
    Dewey Decimal Classification   NOT LOAN / إعارة داخلية مكتبة كلية العلوم الإقتصادية والعلوم التجارية وعلوم التسيير مكتبة كلية العلوم الإقتصادية والعلوم التجارية وعلوم التسيير 07/05/2026 الطابق الثاني 1426/1   أ/1426ن1 1426/1 07/05/2026 07/05/2026 كتب

موارد الويب المفتوحة


© University of Algiers 3 All Rights Reserved
|
Implemented by LECHELAH Riad